000
00293nam a2200121Ia 4500
008
190216s9999||||xx |||||||||||||| ||und||
100
_a
George N Halm
245
0
_a
Economic Systems A Comparative Analysis
260
_b
S Chand & Co
_c
1967
300
_a
404p
650
_a
Economics
942
_c
BK
999
_c
9219
_d
9219